|
|
|
|
| LEADER |
01318nam a2200325 i 4500 |
| 001 |
34366 |
| 003 |
BD-DhAAL |
| 005 |
20190321143800.0 |
| 008 |
190321t2019 enka b 001 0 eng |
| 999 |
|
|
|c 40497
|d 40497
|
| 010 |
|
|
|a 2018009034
|
| 020 |
|
|
|a 9781138087712 (hardback : alk. paper)
|
| 040 |
|
|
|a DLC
|b eng
|c DLC
|e rda
|d DLC
|d BD-DhAAL
|
| 042 |
|
|
|a pcc
|
| 050 |
0 |
0 |
|a LC45.3
|b .L42 2019
|
| 082 |
0 |
0 |
|a 371.04
|2 23
|
| 245 |
0 |
0 |
|a Learning beyond the school :
|b international perspectives on the schooled society /
|c edited by Julian Sefton-Green and Ola Erstad.
|
| 260 |
|
|
|a London ;
|a New York :
|b Routledge,Taylor & Francis Group,
|c 2019
|
| 300 |
|
|
|a xiii, 237 pages :
|b illustrations ;
|c 25 cm.
|
| 490 |
0 |
|
|a Routledge research in education
|
| 504 |
|
|
|a Includes bibliographical references and index.
|
| 526 |
|
|
|a AAL
|
| 541 |
|
|
|a Parama
|e 34366
|
| 650 |
|
0 |
|a Non-formal education
|v Cross-cultural studies.
|9 30386
|
| 650 |
|
0 |
|a Education
|x Aims and objectives
|v Cross-cultural studies.
|9 30387
|
| 700 |
1 |
|
|a Sefton-Green, Julian
|9 30388
|
| 700 |
1 |
|
|a Erstad, Ola
|9 30389
|
| 852 |
|
|
|a Ayesha Abed Library
|c General Stacks
|
| 942 |
|
|
|2 ddc
|c BK
|
| 952 |
|
|
|0 0
|1 0
|2 ddc
|4 0
|6 371_040000000000000_LEA
|7 0
|9 65125
|a BRACUL
|b BRACUL
|c GEN
|d 2019-02-26
|e Parama
|g 8165.00
|l 0
|o 371.04 LEA
|p 3010034366
|r 2019-02-26
|t 1
|v 8165.00
|w 2019-02-26
|y BK
|